| 000 | 00000ngm 2200000zi 4500 |
| 001 | 9.934132 |
| 003 | CaOODSP |
| 005 | 20250521100336 |
| 006 | m o c f |
| 007 | cr cn |||||||| |
| 008 | 240219t2024 quc066 fo vlsgn d |
| 020 | |a9780660703695 |
| 040 | |aCaOODSP|bfre|erda|cCaOODSP |
| 041 | 7|afcs|2ISO 639-3 |
| 043 | |an-cn--- |
| 086 | 1 |aEm12-120/2024F-MP4 |
| 086 | 1 |aEm12-120/2024Fcs-MP4 |
| 245 | 00|aFeuille de route du Canada accessible. |
| 246 | 16|aDocument de discussion : |bfeuille de route pour un Canada accessible |
| 264 | 1|a[Gatineau, Québec] : |bGouvernement du Canada, |c[2024] |
| 300 | |a1 ressource en ligne (14 fichiers vidéo (65 min., 55 sec.)) : |bmuet, couleur |
| 336 | |aimage animée bidimensionnelle|btdi|2rdacontent/fre |
| 337 | |ainformatique|bc|2rdamedia/fre |
| 338 | |aressource en ligne|bcr|2rdacarrier/fre |
| 500 | |aPublié par Emploi et développement social Canada. |
| 500 | |aPublié aussi en anglais sous le titre : Accessible Canada roadmap. |
| 500 | |aDisponible en streaming vidéos ou en fichiers MP4 téléchargeable. |
| 505 | 0 |aListe des abréviations (59 sec.) -- Introduction (4 min., 49 sec.) -- Pourquoi une Feuille de route (5 min., 2 sec.) -- La Loi canadienne sur l'accessibilité - jeter les bases d'un Canada exempt d'obstacles (7 min., 14 sec.) -- Les autres entités participant à la réalisation d'un Canada exempt d'obstacles (3 min., 19 sec.) -- Le secteur public sous réglementation fédérale (7 min. 40 sec.) -- Éléments centraux de la Feuille de route (1 min., 30 sec.) -- Principes directeurs (3 min., 35 sec.) -- Les résultats (2 min., 39 sec.) -- Thèmes (9 min., 22 sec.) -- Questions de discussion (3 min. 9 sec.) -- Comment transmettre vos commentaires (1 min., 34 sec.) -- Annexe A: Contexte de la Loi canadienne sur l'accessibilité (5 min., 57 sec.) -- Annexe B: tableaux des thèmes proposés, des champs d'intervention et des objectifs quinquennaux (9 min., 6 sec.). |
| 520 | |a« La Feuille de route provisoire présentée dans ce document propose des thèmes généraux, des champs d’intervention et des objectifs quinquennaux qui s’y rattachent. EDSC souhaite également que les intervenants et les partenaires lui fassent part de leurs conseils sur la manière de promouvoir la sensibilisation à la Feuille de route. Toute personne impliquée dans l'élimination des obstacles au Canada devrait la connaître, y avoir accès et l'appliquer à son travail » -- Fourni par l'éditeur. |
| 530 | |aPublié aussi en version PDF. |
| 588 | |aDescription basée sur la ressource en ligne; titre pris de la page Web de ressource (Emploi et développement social Canada, consulté le 6 mars 2025). |
| 650 | 6|aAccessibilité aux personnes handicapées|zCanada|xPlanification. |
| 650 | 6|aAccessibilité aux personnes handicapées|xPolitique gouvernementale|zCanada. |
| 655 | 7|aVidéos sur Internet|2rvmgf |
| 655 | 7|aVidéos pour personnes handicapées auditives|2rvmgf |
| 655 | 7|aMatériel d'éducation et de formation|2rvmgf |
| 710 | 1 |aCanada. |bEmploi et développement social Canada, |eorganisme de publication. |
| 775 | 08|tAccessible Canada roadmap.|w(CaOODSP)9.934131 |
| 776 | 0#|tDocument de discussion : |w(CaOODSP)9.943202 |
| 794 | |tFeuille de route pour un Canada accessible.|w(CaOODSP)9.951249 |
| 856 | 40|qMP4|s20.0 Mo|uhttps://publications.gc.ca/collections/collection_2025/edsc-esdc/Em12-120-2024-AB-fcs.mp4|zListe des abréviations |
| 856 | 40|qMP4|s102 Mo|uhttps://publications.gc.ca/collections/collection_2025/edsc-esdc/Em12-120-2024-1-fcs.mp4|zIntroduction |
| 856 | 40|qMP4|s106 Mo|uhttps://publications.gc.ca/collections/collection_2025/edsc-esdc/Em12-120-2024-2-fcs.mp4|zPourquoi une Feuille de route |
| 856 | 40|qMP4|s276 Mo|uhttps://publications.gc.ca/collections/collection_2025/edsc-esdc/Em12-120-2024-3-fcs.mp4|zLa loi canadienne sur l'accessibilité |
| 856 | 40|qMP4|s69.8 Mo|uhttps://publications.gc.ca/collections/collection_2025/edsc-esdc/Em12-120-2024-4-fcs.mp4|zLes autres entités |
| 856 | 40|qMP4|s525 Mo|uhttps://publications.gc.ca/collections/collection_2025/edsc-esdc/Em12-120-2024-4.1-4.6-fcs.mp4|zLe secteur public sous réglementation fédérale |
| 856 | 40|qMP4|s31.0 Mo|uhttps://publications.gc.ca/collections/collection_2025/edsc-esdc/Em12-120-2024-5-fcs.mp4|zÉléments centraux de la Feuille de route |
| 856 | 40|qMP4|s242 Mo|uhttps://publications.gc.ca/collections/collection_2025/edsc-esdc/Em12-120-2024-5.1-fcs.mp4|zPrincipes directeurs |
| 856 | 40|qMP4|s55.8 Mo|uhttps://publications.gc.ca/collections/collection_2025/edsc-esdc/Em12-120-2024-5.2-fcs.mp4|zLes résultats |
| 856 | 40|qMP4|s644 Mo|uhttps://publications.gc.ca/collections/collection_2025/edsc-esdc/Em12-120-2024-5.3-fcs.mp4|zThèmes |
| 856 | 40|qMP4|s66.2 Mo|uhttps://publications.gc.ca/collections/collection_2025/edsc-esdc/Em12-120-2024-6-fcs.mp4|zQuestions de discussion |
| 856 | 40|qMP4|s91.2 Mo|uhttps://publications.gc.ca/collections/collection_2025/edsc-esdc/Em12-120-2024-7-fcs.mp4|zComment transmettre vos commentaires |
| 856 | 40|qMP4|s126 Mo|uhttps://publications.gc.ca/collections/collection_2025/edsc-esdc/Em12-120-2024-A-fcs.mp4|zAnnexe A |
| 856 | 40|qMP4|s595 Mo|uhttps://publications.gc.ca/collections/collection_2025/edsc-esdc/Em12-120-2024-B-fcs.mp4|zAnnexe B |
| 856 | 4 |qHTML|sS.O.|uhttps://www.canada.ca/fr/emploi-developpement-social/programmes/canada-accessible/consultation-cadre-action-national-accessibilite/discussion.html|zFeuille de route vidéos |